Dinosaur Hunters / (Record no. 4509)

MARC details
000 -LEADER
fixed length control field 00900nam a22002897a 4500
001 - CONTROL NUMBER
control field 4509
003 - CONTROL NUMBER IDENTIFIER
control field FISKH
005 - DATE AND TIME OF LATEST TRANSACTION
control field 20240912140016.0
008 - FIXED-LENGTH DATA ELEMENTS--GENERAL INFORMATION
fixed length control field 240912b cb ||||| |||| 00| 0 eng d
020 ## - INTERNATIONAL STANDARD BOOK NUMBER
International Standard Book Number 9780375824500
040 ## - CATALOGING SOURCE
Original cataloging agency FISKH
Language of cataloging eng
Transcribing agency FISKH
Modifying agency FISKH
050 ## - LIBRARY OF CONGRESS CALL NUMBER
Classification number QE714.M37
082 ## - DEWEY DECIMAL CLASSIFICATION NUMBER
Classification number 560.92
100 ## - MAIN ENTRY--PERSONAL NAME
Personal name McMullan, Kate
Relator term author
245 ## - TITLE STATEMENT
Title Dinosaur Hunters /
Statement of responsibility, etc. by Kate McMullan : illustrated by John R. Jones
260 ## - PUBLICATION, DISTRIBUTION, ETC.
Place of publication, distribution, etc. New York :
Name of publisher, distributor, etc. Random House ;
Date of publication, distribution, etc. 1989.
300 ## - PHYSICAL DESCRIPTION
Extent 48 pages :
Other physical details color illustrations ;
Dimensions 24 cm .
490 ## - SERIES STATEMENT
Series statement (Step into Reading)
505 ## - FORMATTED CONTENTS NOTE
Formatted contents note Q <br/>
520 ## - SUMMARY, ETC.
Summary, etc. Describes the work scientists do to find out more about these huge prehistoric animals.
521 8# - TARGET AUDIENCE NOTE
Target audience note 650 <br/>
Source Lexile estimate <br/>
521 8# - TARGET AUDIENCE NOTE
Target audience note Q <br/>
Source Raz-Plus <br/>
650 ## - SUBJECT ADDED ENTRY--TOPICAL TERM
Topical term or geographic name entry element fossils
Form subdivision non-fiction
700 ## - ADDED ENTRY--PERSONAL NAME
Personal name Jones, John R.
Relator term illustrator
942 ## - ADDED ENTRY ELEMENTS (KOHA)
Source of classification or shelving scheme Dewey Decimal Classification
Koha item type Books
Suppress in OPAC No
Holdings
Withdrawn status Lost status Source of classification or shelving scheme Damaged status Not for loan Collection Home library Current library Shelving location Date acquired Total Checkouts Full call number Barcode Date last seen Date last checked out Price effective from Koha item type
    Dewey Decimal Classification     Non-Fiction Footprints International School Library Network Toul Kork Campus Footprints International School Library Network Toul Kork Campus   09/12/2024 2 MCM 560.92 QE714.M37 FIS01178 01/09/2026 01/09/2026 09/12/2024 Books